000 01046cam a2200313 4500
001 1456
003 BD-RjUL
005 20211208233336.0
008 1 s1970 ja a b 001 0 eng
035 _a(BD-RjUL)1479
040 _aDLC
_cDLC
_dDLC
_beng
041 1 _aeng
_hjpn
082 0 0 _a100
_216
_bNIF 1970
100 1 _aNishida, Kitarō,
_d1870-1945.
_94319
245 1 0 _aFundamental problems of philosophy :
_bthe world of action and the dialectical world /
_cTranslated with an introduction by David A. Dilworth.
260 _aTokyo :
_bSophia University,
_c1970
300 _a258 p. :
_billus. ;
_c27 cm.
350 _a2,850
_a($10.75)
490 1 _aA Monumenta Nipponica monograph
500 _aTranslation of Tetsugaku no kompon mondai.
504 _aIncludes bibliographical references.
650 _aPhilosophy
_9116280
710 2 _aJōchi Daigaku.
_94320
830 0 _aMonumenta Nipponica monographs.
_9116281
942 _2ddc
_cBK
999 _c1456
_d1456